Doctor Who quotes - Statistics

General Stats
  • This quiz has been taken 5,824 times
  • The average score is 6 of 10
Answer Stats
Hint Answer % Correct
_______ are cool. Bowties/Fezzes
97%
Hey, who turned out the ______? Lights
91%
Don't _____! Blink
89%
Are you my _____? Mummy
89%
Harriet Jones...Former ____ ______. Prime Minister
85%
Always take a ______ to a party, Rose. Banana
60%
They can shoot me dead, but the _____ high ground is mine. Moral
52%
Would you mind not _______ while i'm saving the world? Farting
33%
I made him say ____ _____! Comfy chairs
22%
Call me the __________! Rotmeister
6%
No matching quizzes found
Score Distribution
Percent of People with Each Score
Percentile by Number Answered
Your Score History
You have not taken this quiz